00790nam a2200217 i 4500003000900000005001700009006001900026007000300045008004100048020001500089040002500104082001400129100003300143245015500176264005300331300002800384336002600412337003300438338002800471500007300499DO-SdBNP20230417112630.0a||||fr|||| 00| 0 ta230417e2022 dr ||||frfg|| 001 edspa d a9993423343 aDO-SdBNPbspacBNPHU 4222bR789m1 aRosario, Juan Manuel,d1960-10aManual de procedimiento jurídico para los extranjeros vivir e invertir en la República Dominicana:b(elementos de Derecho Internacional Privado. /10a[Santo Domingo] :bBanco Intercontinental,c2002 a303 páginas ;c22 cm. 2rdacontenatextobtxt 2rdamediaasin mediaciónbn 2rdacarrieravolumenbnc aIncluye datos biográficos del autor en la solapas de las cubiertas